David Guetta: Nothing But the Beat (Record no. 333130)
[ view plain ]
| 000 -LEADER | |
|---|---|
| fixed length control field | 00492nam a2200097Ia 4500 |
| 008 - FIXED-LENGTH DATA ELEMENTS--GENERAL INFORMATION | |
| fixed length control field | 170517s9999 xx 000 0 und d |
| 245 ## - TITLE STATEMENT | |
| Title | David Guetta: Nothing But the Beat |
| 300 ## - PHYSICAL DESCRIPTION | |
| Extent | David Guetta, popular French house music producer and DJ, tells the story of himself and the electronic music. "I cannot look at myself in the mirror if I do not give 100 percent. My ambition is new each day,... |
| 650 ## - SUBJECT ADDED ENTRY--TOPICAL TERM | |
| General subdivision | Art. |
| 856 ## - ELECTRONIC LOCATION AND ACCESS | |
| Uniform Resource Identifier | <a href="http://topdocumentaryfilms.com/david-guetta-nothing-but-the-beat/">http://topdocumentaryfilms.com/david-guetta-nothing-but-the-beat/</a> |
| Withdrawn status | Lost status | Damaged status | Home library | Current library | Date acquired | Total Checkouts | Date last seen | Price effective from | Koha item type |
|---|---|---|---|---|---|---|---|---|---|
| College Library | College Library | 05/17/2017 | 05/17/2017 | 05/17/2017 | Documentary Films |